000 00717nam a22001937a 4500
999 _c51753
_d51753
005 20251125233022.0
008 s2550 th tha d
040 _aNALT
041 _atha
090 _aKE 67.3
_bห321 2550
245 0 0 _aหลักเกณฑ์การเบิกค่าใช้จ่ายในการเดินทางไปราชการ 2550.
260 _aม.ป.ท. :
_bม.ป.พ.,
_c2550.
300 _a1 เล่ม ;
_c30 ซม.
650 4 _aการเดินทางไปราชการ
_933254
_xค่าใช้จ่าย
850 _aNALT
856 4 0 _uhttps://hdl.handle.net/20.500.14156/461094
_71
942 _cLB
_2local